Угадай аниме по кадру №8 - Statistics

General Stats
  • This quiz has been taken 4 times
  • The average score is 10 of 20
Answer Stats
Picture Answer % Correct
"Наруто" / "Naruto"
100%
"Восхождение героя щита" / "The Rising of the Shield Hero"
100%
"Добро пожаловать в класс превосходства" / "Classroom of the Elite"
67%
"Убийца гоблинов" / "Goblin Slayer"
67%
"Повелитель" / "Overlord"
67%
"Психопаспорт" / "Psycho-pass"
67%
"Военные хроники маленькой девочки" / "Saga of Tanya the Evil"
67%
"Так сложно полюбить отаку" / "Wotakoi: Love Is Hard for Otaku"
67%
"Клетки за работой" / "Cells at Work"
33%
"Эльфийская песнь" / "Elfen Lied"
33%
"Город, в котором меня нет" / "Erased"
33%
"Корзинка фруктов" / "Fruits Basket"
33%
"Созданный в бездне" / "Made in Abyss"
33%
"Апельсин" / "Orange"
33%
"Хост-клуб Оранской школы" / "Ouran High School Host Club"
33%
"Труська, Чулко и Пресвятой подвяз" / "Panty and Stocking with Garterbelt"
33%
"Платиновый предел" / "Platinum End"
33%
"Розарио + Вампир" / "Rosario + Vampire"
33%
"Башня Бога" / "Tower of God"
33%
"Тусовщик Кунмин" / "Ya Boy Kongming!"
33%
No matching quizzes found
Score Distribution
Percent of People with Each Score
Percentile by Number Answered
Your Score History
You have not taken this quiz